How to Be Creative in Textile Art (Record no. 359057)

MARC details
000 -LEADER
fixed length control field 00486nam a22001937a 4500
005 - DATE AND TIME OF LATEST TRANSACTION
control field 20240715142701.0
008 - FIXED-LENGTH DATA ELEMENTS--GENERAL INFORMATION
fixed length control field 240715b |||||||| |||| 00| 0 eng d
020 ## - INTERNATIONAL STANDARD BOOK NUMBER
International Standard Book Number 9781849940061
041 ## - LANGUAGE CODE
Language code of text/sound track or separate title eng
082 ## - DEWEY DECIMAL CLASSIFICATION NUMBER
Classification number 746
Item number TRI
100 ## - MAIN ENTRY--PERSONAL NAME
Author Triston Julia
245 ## - TITLE STATEMENT
Title How to Be Creative in Textile Art
260 ## - PUBLICATION, DISTRIBUTION, ETC.
Place of publication, distribution, etc. London
Name of publisher, distributor, etc. Batsford
Date of publication, distribution, etc. 2011
300 ## - PHYSICAL DESCRIPTION
Extent 128
365 ## - TRADE PRICE
Price amount 1772.00
Currency code Rs.00
650 ## - SUBJECT ADDED ENTRY--TOPICAL TERM
Topical term or geographic name entry element Textile Art
700 ## - ADDED ENTRY--PERSONAL NAME
Personal name Lombard Rachel
942 ## - ADDED ENTRY ELEMENTS (KOHA)
Koha item type Books
Holdings
Withdrawn status Lost status Source of classification or shelving scheme Damaged status Not for loan Home library Current library Date acquired Vendor Net Price Bill number Total Checkouts Full call number Barcode Date last seen Date last checked out Discount Actual Price Bill Date Koha item type Original Barcode
    Dewey Decimal Classification     School of Fashion Technology School of Fashion Technology 12/07/2024 Honesty Subscriptions Agency 1772.00 51747 3 746 TRI SOFT-BK-4222 01/12/2025 24/11/2025 20% 2215.00 09/07/2024 Books 004222